000 00595cam a22002411 4500
001 sa 68013393
003 DLC
005 20260227112621.0
008 940729s1967 ii b 000 0 urdo
010 _asa 68013393
025 _aPL480:I-U-2398
035 _a(OCoLC)30853763
040 _aDLC
_cCU
_dCU
_dDLC
042 _apremarc
050 0 0 _aDS266
_b.I8
100 1 _aIshrat, Amrit Lal.
245 1 0 _aIrān ṣadiyon̲ ke āʼine men.
260 _c1967.
300 _a432 p.
_c22 cm.
500 _aIn Urdu.
504 _aBibliography: p. 430-432.
651 0 _aIran
_xCivilization.
999 _c85083
_d85083